| 000 | 01035cam a2200253 a 4500 | ||
|---|---|---|---|
| 999 |
_c7404 _d7404 |
||
| 001 | 12418003 | ||
| 003 | ARRUPE | ||
| 005 | 20170612103247.0 | ||
| 008 | 010523b nr ab b 001 0 eng | ||
| 010 | _a 2001385229 | ||
| 020 | _a9783507508 | ||
| 040 |
_aDLC _cDLC _dDLC |
||
| 043 | _af-nr--- | ||
| 050 | 0 | 0 |
_aDT515.9.B363 _bL36 1999 |
| 082 | 0 | 0 |
_a966.9/42 _221 |
| 245 | 0 | 4 |
_aThe land and people of Bayelsa State : _bcentral Niger delta / _cedited by Ebiegberi Joe Alagoa. |
| 260 |
_aPort Harcourt, Rivers State, Nigeria : _bOnyoma Research Publications , _cc1999. |
||
| 300 |
_axi, 411 p. : _bill., maps ; _c21 cm. |
||
| 504 | _aIncludes bibliographical references (p. 362-397) and index. | ||
| 651 | 0 |
_aBayelsa State (Nigeria) _932541 |
|
| 700 | 1 |
_aAlagoa, Ebiegberi Joe. _98146 |
|
| 906 |
_a7 _bcbc _corignew _d3 _encip _f20 _gy-gencatlg |
||
| 942 |
_2lcc _cMONOGRAPH |
||